Empirically based assessment of child and adolescent psychopathology: practical applications
| Autor principal: | |
|---|---|
| Otros Autores: | |
| Tipo de documento: | Print Libro |
| Lenguaje: | Inglés |
| Publicado: |
Newbury Park, Calif. [u.a.]
SAGE Publ.
1987
|
| En: |
Developmental clinical psychology and psychiatry (13)
Año: 1987 |
| Acceso en línea: |
Publisher description Table of contents |
| Disponibilidad en Tübingen: | Disponible en Tübingen. UB: KB 18 A 3660 |
| Verificar disponibilidad: | HBZ Gateway |
| Servicio de pedido Subito: | Pedir ahora. |
| Palabras clave: |
MARC
| LEADER | 00000cam a2200000 c 4500 | ||
|---|---|---|---|
| 001 | 273028979 | ||
| 003 | DE-627 | ||
| 005 | 20251222212405.0 | ||
| 007 | tu | ||
| 008 | 880621s1987 xxu||||| 00| ||eng c | ||
| 020 | |a 0803929242 |9 0-8039-2924-2 | ||
| 020 | |a 0803929250 |9 0-8039-2925-0 | ||
| 035 | |a (DE-627)273028979 | ||
| 035 | |a (DE-576)014206749 | ||
| 035 | |a (DE-599)GBV273028979 | ||
| 035 | |a (OCoLC)246318551 | ||
| 035 | |a (OCoLC)16831171 | ||
| 035 | |a (OCoLC)16831171 | ||
| 035 | |a (DE-604)8016361067 | ||
| 040 | |a DE-627 |b ger |c DE-627 |e rakwb | ||
| 041 | |a eng | ||
| 044 | |c XD-US | ||
| 050 | 0 | |a RJ503.5 | |
| 060 | 0 | |a W1 DE997NC v. 13 | |
| 060 | 0 | |a WS 105 A1773e | |
| 082 | 0 | |a 618.92/89 | |
| 082 | 0 | |a 618.9289 | |
| 084 | |a CQ 5100 |2 rvk |0 (DE-625)rvk/19008: | ||
| 100 | 1 | |8 1\p |a Achenbach, Thomas M. |d 1940- |0 (DE-588)1151450022 |0 (DE-627)1011791285 |0 (DE-576)497753588 |4 aut | |
| 109 | |a Achenbach, Thomas M. 1940- | ||
| 245 | 1 | 0 | |a Empirically based assessment of child and adolescent psychopathology |b practical applications |c Thomas M. Achenbach; Stephanie H. McConaughy |
| 264 | 1 | |a Newbury Park, Calif. [u.a.] |b SAGE Publ. |c 1987 | |
| 300 | |a 167 S. |b graph. Darst. | ||
| 336 | |a Text |b txt |2 rdacontent | ||
| 337 | |a ohne Hilfsmittel zu benutzen |b n |2 rdamedia | ||
| 338 | |a Band |b nc |2 rdacarrier | ||
| 490 | 1 | |a Developmental clinical psychology and psychiatry |v 13 | |
| 500 | |a Bibliography: p. 160-162 | ||
| 583 | 1 | |a Archivierung prüfen |c 20200919 |f DE-640 |z 3 |2 pdager | |
| 583 | 1 | |a Archivierung prüfen |c 20240324 |f DE-4165 |z 1 |2 pdager | |
| 650 | 0 | |a Behavioral assessment of children | |
| 650 | 0 | |a Behavioral assessment of teenagers | |
| 650 | 0 | |a Observation (Psychology) | |
| 650 | 0 | |a Child psychopathology |x Case studies | |
| 650 | 0 | |a Adolescent psychopathology |x Case studies | |
| 700 | 1 | |a MacConaughy, Stephanie H. |0 (DE-588)1068383453 |0 (DE-627)820219193 |0 (DE-576)427747317 |4 oth | |
| 830 | 0 | |a Developmental clinical psychology and psychiatry |v 13 |9 13 |w (DE-627)302722432 |w (DE-576)012276057 |w (DE-600)1492285-X |7 am | |
| 856 | 4 | 2 | |u http://www.loc.gov/catdir/enhancements/fy0654/87028444-d.html |x Verlag |y Publisher description |7 1 |
| 856 | 4 | 2 | |u http://www.loc.gov/catdir/enhancements/fy0654/87028444-t.html |x Verlag |y Table of contents |7 1 |
| 883 | |8 1\p |a cgwrk |d 20241001 |q DE-101 |u https://d-nb.info/provenance/plan#cgwrk | ||
| 889 | |w (DE-627)020406487 | ||
| 935 | |i mdedup | ||
| 935 | |i Blocktest | ||
| 936 | r | v | |a CQ 5100 |b Soziale und moralische Entwicklung |k Psychologie |k Entwicklungspsychologie |k Soziale und moralische Entwicklung |0 (DE-627)1271502070 |0 (DE-625)rvk/19008: |0 (DE-576)201502070 |
| 951 | |a BO | ||
| ELC | |b 1 | ||
| LOK | |0 000 xxxxxcx a22 zn 4500 | ||
| LOK | |0 001 3293580637 | ||
| LOK | |0 003 DE-627 | ||
| LOK | |0 004 273028979 | ||
| LOK | |0 005 20151023140030 | ||
| LOK | |0 008 880621||||||||||||||||ger||||||| | ||
| LOK | |0 040 |a DE-21 |c DE-627 |d DE-21 | ||
| LOK | |0 852 |a DE-21 | ||
| LOK | |0 852 1 |c KB 18 A 3660 |9 00 | ||
| LOK | |0 935 |a krim | ||
| LOK | |0 939 |a 21-06-88 |b l01 | ||
| ORI | |a SA-MARC-krimdoka001.raw | ||
| SIG | |a UB: KB 18 A 3660 | ||
